Score 0/24 Timer 02:00
2 Plays Today
Movie Missing Word % Correct
Better Off _____Dead
91.5%
_____ CandlesSixteen
86.6%
Midnight in the Garden of _____ and EvilGood
85.2%
_____ John MalkovichBeing
84.3%
Hot _____ Time MachineTub
83.6%
_____ By MeStand
83.2%
_____ FidelityHigh
74.5%
The Thin _____ LineRed
73.5%
Must _____ DogsLove
73.3%
Grosse Pointe _____Blank
69.5%
Fat _____ and Little BoyMan
67.4%
Cradle Will _____Rock
67.4%
Movie Missing Word % Correct
_____ AnythingSay
63.2%
_____ AirCon
58.8%
Eight Men _____Out
48.6%
Broadcast _____News
47.2%
Bullets Over _____Broadway
44.1%
_____ ColorsTrue
39.2%
America's _____Sweethearts
35.2%
Pushing _____Tin
28.9%
Runaway _____Jury
24.8%
One _____ SummerCrazy
21%
The _____ HarvestIce
12.2%
_____ HallCity
5%

Today's Daily Dose

Remove Ads.
Support Sporcle.
Get the best of Sporcle when you Go Orange. This ad-free experience offers more features, more stats, and more fun while also helping to support Sporcle. Thank you for becoming a member.

You're not logged in!

Compare scores with friends on all Sporcle quizzes.
OR
Log In

Show Comments

Extras

Top Quizzes Today


Score Distribution

Your Account Isn't Verified!

In order to create a playlist on Sporcle, you need to verify the email address you used during registration. Go to your Sporcle Settings to finish the process.

Report this User

Report this user for behavior that violates our Community Guidelines.

Details: